Normal view
MARC view
Entry Personal Name
001 - CONTROL NUMBER
- control field: 14157
003 - CONTROL NUMBER IDENTIFIER
- control field: OSt
005 - DATE AND TIME OF LATEST TRANSACTION
- control field: 20191203113834.0
008 - FIXED-LENGTH DATA ELEMENTS
- fixed length control field: 191203|| aca||aabn | a|a d
040 ## - CATALOGING SOURCE
- Original cataloging agency: OSt
- Transcribing agency: OSt
100 ## - HEADING--PERSONAL NAME
- Personal name: Raphael, Dennis
670 ## - SOURCE DATA FOUND
- Source citation: Work cat.: (OSt): Mendly-Zambo, Zsofia 14156, Competing discourses of household food insecurity in Canada
